Fundamentos de psiquiatría clínica
Gespeichert in:
| 1. Verfasser: | |
|---|---|
| Format: | Buch |
| Sprache: | Spanisch |
| Veröffentlicht: |
Santiago
Universidad Católica de Chile
2005
|
| Ausgabe: | 1a. ed |
| Schriftenreihe: | Textos Universitarios
|
| Schlagworte: | |
| Tags: |
Tag hinzufügen
Keine Tags, Fügen Sie den ersten Tag hinzu!
|
MARC
| LEADER | 00000nam a2200000 a 4500 | ||
|---|---|---|---|
| 001 | UCK6393 | ||
| 003 | CL-VaPUC | ||
| 008 | 050930e20050000CL |||||||||||||||||spa|d | ||
| 020 | |a 9561407892 | ||
| 082 | 0 | 4 | |a 616.89 |b VAL |2 21 |
| 100 | 0 | |a Valdivieso Fernández, Sergio |e author |9 495584 | |
| 245 | 1 | 0 | |a Fundamentos de psiquiatría clínica |
| 250 | |a 1a. ed | ||
| 300 | |a 431 p | ||
| 942 | |c BK | ||
| 945 | |d 20050930 00:00:00 |a cmena | ||
| 260 | |a Santiago |b Universidad Católica de Chile |c 2005 | ||
| 650 | 0 | |a Psicopatología |9 307473 | |
| 650 | 0 | |a Psicología del niño |9 307305 | |
| 650 | 0 | |a Psicología del adolescente |9 307864 | |
| 650 | 0 | |a Trastornos del comportamiento |9 311363 | |
| 650 | 0 | |a Trastornos de la personalidad |9 307698 | |
| 650 | 0 | |a Salud mental |9 308393 | |
| 650 | 7 | |a TRASTORNOS SEXUALES |2 CL-VaPUC |9 309896 | |
| 583 | |a last modification |c 20130107 12:23:39 |k Rodrigo Vera | ||
| 490 | 0 | |a Textos Universitarios | |
| 999 | |c 314680 |d 314678 | ||
| 952 | |0 0 |1 0 |4 0 |6 616_890000000000000_VAL_2005 |7 0 |8 A |9 387298 |a BIBEDU |b BIBEDU |d 2019-11-22 |i 4169964 |l 2 |o 616.89 VAL 2005 |p 4169964 |r 2022-05-25 |s 2022-05-25 |w 2019-11-22 |y BK |k PSI | ||